00809cam a2200253 a 450000100070000000500170000700800410002401000170006502000360008202000350011804000180015304100080017104300120017908000180019108200220020910000070023110100080023824500670024650400510031390600450036494200120040999900170042195201170043869251320180308050230.0961003s1997 ncua b 001 0 eng  a 96045138  a0807823481 (cloth : alk. paper) a0807846546 (pbk. : alk. paper) aDLCcDLCdDLC aeng an-us--- a305.40973 KER00a305.40973 KER2211 a50 aSOC10aToward an intellectual history of women :cby Linda K. Kerber. aIncludes bibliographical references and index. a7bcbccorignewd1eocipf19gy-gencatlg 2ddccBK c44443d44443 00102udc40708PËKGa002b002cPËKGd2018-03-08l0o305.40973 KERp002-3000877r2018-03-08w2018-03-08yBK